[Event "GER-chT U12"]
[Site "Arendsee"]
[Date "2011.12.28"]
[Round "3.3"]
[White "Kagan, Dennis"]
[Black "Duehrkop, Jasmin"]
[Result "1/2-1/2"]
[WhiteElo "1151"]
[BlackElo "1135"]
[PlyCount "61"]
[EventDate "2011.12.27"]
[EventType "team-swiss"]
[EventRounds "7"]
[EventCountry "GER"]
[SourceTitle "EXT 2022"]
[Source "ChessBase"]
[SourceDate "2021.10.06"]
[SourceVersion "1"]
[SourceVersionDate "2021.10.06"]
[SourceQuality "1"]
[WhiteTeam "Porz SG U12"]
[BlackTeam "Saalfeld U12"]
[WhiteTeamCountry "GER"]
[BlackTeamCountry "GER"]

1. e4 e5 2. Nf3 Nc6 3. d4 exd4 4. Nxd4 Nf6 5. Nxc6 bxc6 6. e5 Nd5 7. c4 Ne7 8. Bf4 Nf5 9. Qd3 d6 10. exd6 cxd6 11. Qe4+ Qe7 12. Bd3 Qxe4+ 13. Bxe4 Bd7 14. 0-0 Be7 15. Re1 Nd4 16. Bxd6 Ne6 17. Bxe7 Kxe7 18. Nc3 Rad8 19. Rad1 g6 20. b4 Rhe8 21. h4 h5 22. c5 Kf8 23. Re3 Kg7 24. g3 a6 25. Red3 Re7 26. Bxc6 Bxc6 27. Rxd8 Nxd8 28. Kh2 Nb7 29. a4 Re5 30. b5 axb5 31. axb5 1/2-1/2